Banking development in India (Record no. 73912)

MARC details
000 -LEADER
fixed length control field 00624cam a22002171 4500
001 - CONTROL NUMBER
control field sa 67003594
003 - CONTROL NUMBER IDENTIFIER
control field DLC
005 - DATE AND TIME OF LATEST TRANSACTION
control field 20260227112339.0
008 - FIXED-LENGTH DATA ELEMENTS--GENERAL INFORMATION
fixed length control field 720920s1967 ii 000 0 eng
010 ## - LIBRARY OF CONGRESS CONTROL NUMBER
LC control number sa 67003594
035 ## - SYSTEM CONTROL NUMBER
System control number (OCoLC)410589
040 ## - CATALOGING SOURCE
Original cataloging agency DLC
Transcribing agency OCU
Modifying agency OCoLC
-- DLC
042 ## - AUTHENTICATION CODE
Authentication code premarc
050 00 - LIBRARY OF CONGRESS CALL NUMBER
Classification number HG3284
Item number .M83
100 2# - MAIN ENTRY--PERSONAL NAME
Personal name Mutalik Desai, V. R.
245 10 - TITLE STATEMENT
Title Banking development in India
Statement of responsibility, etc. [by] V.R. Mutalik Desai. Foreword by B.D. Ghonasgi.
260 ## - PUBLICATION, DISTRIBUTION, ETC.
Place of publication, distribution, etc. Bombay,
Name of publisher, distributor, etc. Manaktalas
Date of publication, distribution, etc. [1967]
300 ## - PHYSICAL DESCRIPTION
Extent xi, 184 p.
Dimensions 23cm.
504 ## - BIBLIOGRAPHY, ETC. NOTE
Bibliography, etc. note Bibliography: p. 177-178.
650 #0 - SUBJECT ADDED ENTRY--TOPICAL TERM
Topical term or geographic name entry element Banks and banking
Geographic subdivision India.

No items available.

Powered by Koha